O akceptácii individuálnych identít a o európskej identite

Bibliographic Details
Main Author: Bátorová, Mária, 1950- (Author)
Format: Article
Language:Slovak
Subjects:

MARC

LEADER 00000nab a2200000 a 4500
001 vtls010444975
003 SK-MaSNL
005 20260304161059.0
008 250507 2011 xo 000 0 slo
015 |a SNBRB2012/07 
035 |a (uuid)8de39b43-c797-4067-8e9e-0afd72dd7a59 
035 |a urn:nbn:sk:snk-abev3b 
035 |a (urnnbn)urn:nbn:sk:snk:ar-000c8e 
038 |a SNKBUCL 
040 |a SNKBUCL  |b slo  |c SNKBUCL  |e AACR2 
041 0 |a slo 
044 |a xo  |c SK 
080 |a 82.0  |2 2001 
080 |a 821.162.4-051  |2 2001 
080 |a 929 Tatarka, Dominik  |2 2001 
100 1 |a Bátorová, Mária,  |d 1950-  |4 aut  |9 102337 
245 1 0 |a O akceptácii individuálnych identít a o európskej identite  |c Mária Bátorová 
300 |b Fotogr. 
504 |a Bibliogr. odkazy 
600 1 7 |a Tatarka, Dominik,  |d 1913-1989  |2 snkbucl  |9 100832 
650 0 7 |a spisovatelia  |2 snkbucl  |9 4982 
650 0 7 |a identita  |2 snkbucl  |9 1664 
650 0 7 |a individualita  |2 snkbucl  |9 23454 
655 7 |a štúdie  |2 snkbucl  |9 57033 
773 0 |t Slovenské pohľady  |g Roč. IV.+127, č. 3 (2011), s. 32-38  |x 1335-7786 
850 |a Slovenská národná knižnica 
852 |a Slovenská národná knižnica 
958 |a article27 
958 |a LX 
958 |a NB 
958 |a BX 
958 |a OND 
958 |a EUIPO 
999 |c 2969921  |d 2971851